000 00312nam a2200145Ia 4500
008 200305s9999 xx 000 0 und d
082 _a330.1
082 _bJHA
100 _aJHINGAN M L
245 _aADVANCED ECONOMIC THEORY
260 _bVRINDA PUB
300 _a748
650 _aECONOMICS
999 _c36836
_d36836
041 _aeng